It looks like you're offline.
Open Library logo
additional options menu

MARC Record from Scriblio

Record ID marc_records_scriblio_net/part04.dat:89254472:736
Source Scriblio
Download Link /show-records/marc_records_scriblio_net/part04.dat:89254472:736?format=raw

LEADER: 00736cam 22002411 4500
001 54005784
003 DLC
005 20050821175920.0
008 741125s1955 nyu 000 0 rus
010 $a 54005784
015 $aGB55-11508
035 $a(OCoLC)1087074
040 $aDLC$cOClW$dOCoLC$dUk$dDLC
041 0 $arus
042 $apremarc
050 00 $aPG3420$b.R8 1955
100 1 $aTurgenev, Ivan Sergeevich,$d1818-1883.
245 10 $aRudin.$cEdited with an introd. by Galina Stilman.
260 $aNew York,$bColumbia University Press,$c1955.
300 $avii, 264 p.$c23 cm.
490 1 $aColumbia Slavic studies
500 $aText in Russian.
830 0 $aColumbia Slavic studies (Columbia University. Dept. of Slavic Languages)